Győztek a matematikusok
Elmentve itt :
| Dokumentumtípus: | Cikk |
|---|---|
| Megjelent: |
1978
|
| Sorozat: | Szegedi Egyetem
16 No. 6 |
| Kulcsszavak: | Sport - egyetemi, Józset Attila Tudományegyetem - asztalitenisz |
| Online Access: | http://univ.bibl.u-szeged.hu/14355 |
| LEADER | 00600nab a2200181 i 4500 | ||
|---|---|---|---|
| 001 | univ14355 | ||
| 005 | 20240801113212.0 | ||
| 008 | 180131s1978 hu o 000 hun d | ||
| 022 | |a 0230-791X | ||
| 040 | |a SZTE UnivHistória Repozitórium |b hun | ||
| 041 | |a hun | ||
| 245 | 0 | 0 | |a Győztek a matematikusok |h [elektronikus dokumentum] |
| 260 | |c 1978 | ||
| 300 | |a 7 | ||
| 490 | 0 | |a Szegedi Egyetem |v 16 No. 6 | |
| 561 | |a Egyetemi, hallgatói élet | ||
| 695 | |a Sport - egyetemi, Józset Attila Tudományegyetem - asztalitenisz | ||
| 856 | 4 | 0 | |u http://univ.bibl.u-szeged.hu/14355/1/sze_1978_006_007.pdf |z Dokumentum-elérés |